Catalunya i la Comunitat Econòmica Europea : Llibre blanc sobre la repercussió a Catalunya de l'adhesió d'Espanya a la Comunitat econòmica Europea / Institut d'Investigacions Econòmiques Llibre blanc sobre la repercussió a Catalunya de l'adhesió d'Espanya a la Comunitat econòmica Europea / Institut d'Investigacions Econòmiques
Publicado:
Barcelona :
Generalitat de Catalunya. Servei Central de Publicacions. Departament de la Presidència ,
1982
Descripción Física:
566 p. ; 30 cm
Materias:
Comunitat Econòmica Europea -- Catalunya
MARC
| LEADER | 00000nam a2200000Ia 4500 | ||
|---|---|---|---|
| 001 | 1149 | ||
| 008 | 160829s1982 xx 000 0 cat d | ||
| 080 | |a M-1-88 | ||
| 110 | 2 | |a Institut d'Investigacions Econòmiques |9 56303 | |
| 245 | |a Catalunya i la Comunitat Econòmica Europea : |b Llibre blanc sobre la repercussió a Catalunya de l'adhesió d'Espanya a la Comunitat econòmica Europea / Institut d'Investigacions Econòmiques | ||
| 260 | |a Barcelona : |b Generalitat de Catalunya. Servei Central de Publicacions. Departament de la Presidència, |c 1982 | ||
| 300 | |a 566 p. ; |c 30 cm | ||
| 650 | |a Comunitat Econòmica Europea |x Catalunya |9 24681 | ||
| 901 | |a Arxiu | ||
| 942 | |n 1 | ||
| 952 | |0 0 |1 0 |4 0 |6 M188 |7 1 |9 43261 |a Arxiu |b Arxiu |d 2016-12-01 |l 0 |o M-1-88 |p 1149 |r 2016-12-01 00:00:00 |w 2016-12-01 |y ARXIU | ||
| 999 | |c 45806 |d 45806 | ||